[Event "Isle of Wight op"]
[Site "Ryde"]
[Date "2024.04.21"]
[Round "4"]
[White "Kumar, Sanjit S"]
[Black "Murawski, Jan"]
[Result "1/2-1/2"]
[WhiteElo "1970"]
[BlackElo "1963"]
[PlyCount "92"]
[EventDate "2024.04.19"]
[EventType "swiss"]
[EventRounds "5"]
[EventCountry "ENG"]
[SourceTitle "CB17_2024"]
[SourceDate "2024.04.24"]
[SourceVersion "1"]
[SourceVersionDate "2024.04.24"]
[SourceQuality "1"]

1. d4 Nf6 2. c4 e6 3. Nc3 d5 4. cxd5 exd5 5. Bg5 Be7 6. e3 c6 7. Bd3 h6 8. Bf4 0-0 9. h3 Be6 10. Nge2 Nbd7 11. 0-0 a5 12. Qc2 b5 13. Kh1 Rc8 14. f3 b4 15. Na4 c5 16. Ba6 Ra8 17. Bb7 Ra7 18. Bc6 Qc8 19. Bxd7 Nxd7 20. dxc5 Nxc5 21. Nd4 Nxa4 22. Qxa4 Bf6 23. Rac1 Qa6 24. Rfd1 Bxd4 25. Rxd4 Raa8 26. Kh2 Rac8 27. Rxc8 Rxc8 28. Qd1 Qc6 29. Qd2 Qc2 30. b3 h5 31. h4 Qb1 32. Qf2 Rc1 33. Kg3 Qg6+ 34. Kh2 Qb1 35. Kg3 Rf1 36. Qd2 Rh1 37. Bg5 f6 38. Rxd5 Bxd5 39. Qxd5+ Kh7 40. Bxf6 gxf6 41. Qf7+ Kh6 42. Qf8+ Kg6 43. Qg8+ Kh6 44. Qf8+ Kh7 45. Qf7+ Kh8 46. Qf8+ Kh7 1/2-1/2

[Event "Roquetas de Mar op 35th"]
[Site "Roquetas de Mar"]
[Date "2024.01.06"]
[Round "7"]
[White "Serrano Almendros, Angel"]
[Black "Kumar, Sanjit S"]
[Result "1-0"]
[WhiteElo "2250"]
[BlackElo "1952"]
[PlyCount "55"]
[EventDate "2024.01.02"]
[EventType "swiss"]
[EventRounds "9"]
[EventCountry "ESP"]
[SourceTitle "CB02_2024"]
[SourceDate "2024.01.10"]
[SourceVersion "1"]
[SourceVersionDate "2024.01.10"]
[SourceQuality "1"]

1. e4 e6 2. d4 d5 3. Nc3 Bb4 4. e5 c5 5. a3 Bxc3+ 6. bxc3 Ne7 7. Qg4 Qc7 8. Qxg7 Rg8 9. Qxh7 cxd4 10. Ne2 Nbc6 11. f4 dxc3 12. h4 Bd7 13. h5 0-0-0 14. Qd3 d4 15. h6 Rg6 16. h7 Rh8 17. Nxd4 Nxd4 18. Qxd4 Nf5 19. Qxa7 Bc6 20. Rh3 Ng3 21. Be3 b6 22. Ba6+ Kd7 23. Rd1+ Bd5 24. Rxd5+ exd5 25. Bb5+ Kc8 26. Qa8+ Qb8 27. Ba6+ Kc7 28. Qxd5 1-0

[Event "Hvar Arsenal blitz op 2nd"]
[Site "Hvar"]
[Date "2023.10.19"]
[Round "7"]
[White "Kumar, Sanjit S"]
[Black "Karkovic, Juraj"]
[Result "1-0"]
[WhiteElo "1857"]
[BlackElo "1483"]
[PlyCount "71"]
[EventDate "2023.10.19"]
[EventType "swiss (blitz)"]
[EventRounds "11"]
[EventCountry "CRO"]
[SourceTitle "Mega2024 Update 01"]
[Source "Chessbase"]
[SourceDate "2023.11.12"]
[SourceVersion "1"]
[SourceVersionDate "2023.11.12"]
[SourceQuality "1"]

1. d4 d5 2. c4 e6 3. Nc3 Nf6 4. cxd5 Nxd5 5. e4 Nxc3 6. bxc3 Bd7 7. Nf3 Be7 8. Bd3 a6 9. 0-0 Bb5 10. Bxb5+ axb5 11. Bf4 Nd7 12. a4 bxa4 13. Rxa4 Rxa4 14. Qxa4 0-0 15. Rb1 Nb6 16. Qa7 Qc8 17. Bxc7 Qxc7 18. Qxb6 Qxc3 19. Qxb7 Bf6 20. e5 Bd8 21. Qe4 Qc7 22. h3 f6 23. exf6 Bxf6 24. Qxe6+ Kh8 25. d5 Rd8 26. Rd1 h6 27. d6 Qc2 28. Qd5 Rd7 29. Re1 Qc3 30. Re8+ Kh7 31. Qf5+ g6 32. Qxd7+ Bg7 33. Re7 Qc1+ 34. Kh2 Qf4+ 35. g3 Qf6 36. Rxg7+ 1-0

[Event "Hvar Arsenal blitz op 2nd"]
[Site "Hvar"]
[Date "2023.10.19"]
[Round "3"]
[White "Kumar, Sanjit S"]
[Black "Krisha, Tamhant Jain"]
[Result "1-0"]
[WhiteElo "1857"]
[BlackElo "1120"]
[PlyCount "70"]
[EventDate "2023.10.19"]
[EventType "swiss (blitz)"]
[EventRounds "11"]
[EventCountry "CRO"]
[SourceTitle "Mega2024 Update 01"]
[Source "Chessbase"]
[SourceDate "2023.11.12"]
[SourceVersion "1"]
[SourceVersionDate "2023.11.12"]
[SourceQuality "1"]

1. d4 d5 2. c4 e6 3. Nc3 Nf6 4. cxd5 exd5 5. Bg5 Be7 6. e3 0-0 7. Bd3 b6 8. Bxf6 Bxf6 9. Qh5 h6 10. Qxd5 Qxd5 11. Nxd5 Bd8 12. Be4 Bb7 13. Nf6+ Bxf6 14. Bxb7 Nd7 15. Bxa8 Rxa8 16. Ne2 Re8 17. 0-0 c5 18. Rfd1 cxd4 19. Nxd4 Nc5 20. Rac1 Be5 21. g3 Ne4 22. Rc2 Rd8 23. Rdc1 Nc5 24. Nc6 Re8 25. Nxe5 Rxe5 26. Rd1 Re8 27. b4 Ne6 28. Rd7 a5 29. bxa5 bxa5 30. Ra7 Rd8 31. Rxa5 Rd1+ 32. Kg2 Kh7 33. Ra7 Ng5 34. h4 Ne4 35. Rxf7 Rd5 1-0

[Event "Hvar op"]
[Site "Hvar"]
[Date "2023.10.18"]
[Round "5"]
[White "Kumar, Sanjit S"]
[Black "Markotic, Gordan"]
[Result "1/2-1/2"]
[WhiteElo "2011"]
[BlackElo "2238"]
[PlyCount "63"]
[EventDate "2023.10.15"]
[EventType "swiss"]
[EventRounds "9"]
[EventCountry "CRO"]
[SourceTitle "Mega2024 Update 01"]
[Source "Chessbase"]
[SourceDate "2023.11.12"]
[SourceVersion "1"]
[SourceVersionDate "2023.11.12"]
[SourceQuality "1"]

1. d4 Nf6 2. c4 d6 3. Nc3 e5 4. Nf3 Nbd7 5. e4 Be7 6. Be2 0-0 7. 0-0 c6 8. Be3 Ng4 9. Bc1 a6 10. h3 Ngf6 11. a4 a5 12. Be3 Re8 13. Qc2 exd4 14. Nxd4 Bf8 15. Nf5 Qc7 16. Rad1 Nb8 17. Ng3 Na6 18. f4 Nd7 19. Bg4 Nb6 20. b3 Nd7 21. Rd2 g6 22. Bd4 Ndc5 23. Na2 Qb6 24. Nc1 Qd8 25. Bf3 Qh4 26. Nce2 Ne6 27. Be3 Nb4 28. Qd1 Bh6 29. Bg4 Nc5 30. Bf3 Ne6 31. Bg4 Nc5 32. Bf3 1/2-1/2

[Event "Hvar op"]
[Site "Hvar"]
[Date "2023.10.16"]
[Round "2"]
[White "Ivanisevic, Ivan"]
[Black "Kumar, Sanjit S"]
[Result "1-0"]
[WhiteElo "2549"]
[BlackElo "2011"]
[PlyCount "59"]
[EventDate "2023.10.15"]
[EventType "swiss"]
[EventRounds "9"]
[EventCountry "CRO"]
[SourceTitle "Mega2024 Update 01"]
[Source "Chessbase"]
[SourceDate "2023.11.12"]
[SourceVersion "1"]
[SourceVersionDate "2023.11.12"]
[SourceQuality "1"]

1. Nf3 d5 2. e3 Nf6 3. c4 c6 4. Nc3 Nbd7 5. Qc2 e6 6. b3 Bd6 7. Bb2 b6 8. cxd5 exd5 9. Nxd5 cxd5 10. Qc6 Qc7 11. Qxa8 0-0 12. Rc1 Bc5 13. b4 Bb7 14. Qxa7 Ra8 15. Qxa8+ Bxa8 16. bxc5 bxc5 17. Be2 Bc6 18. 0-0 Qa5 19. Bc3 Qxa2 20. Ra1 Qc2 21. Rfc1 Qe4 22. Ra6 Bb7 23. Ra7 d4 24. exd4 cxd4 25. Bxd4 h6 26. Bb5 Nf8 27. Re1 Qd5 28. Re5 Qb3 29. Rxb7 Ne6 30. Re3 1-0

[Event "Sitges op 47th"]
[Site "Sitges"]
[Date "2023.07.24"]
[Round "3"]
[White "Cordoba Roa, Angel Gabriel"]
[Black "Kumar, Sanjit S"]
[Result "1-0"]
[WhiteElo "2339"]
[BlackElo "1803"]
[PlyCount "71"]
[EventDate "2023.07.22"]
[EventType "swiss"]
[EventRounds "9"]
[EventCountry "ESP"]
[SourceTitle "CBM 215 Extra"]
[Source "ChessBase"]
[SourceDate "2023.09.30"]
[SourceVersion "1"]
[SourceVersionDate "2023.09.30"]
[SourceQuality "1"]

1. e4 e6 2. d4 d5 3. Nc3 Bb4 4. e5 c5 5. a3 Bxc3+ 6. bxc3 Ne7 7. Qg4 Qc7 8. Qxg7 Rg8 9. Qxh7 cxd4 10. Ne2 Nbc6 11. f4 dxc3 12. Qd3 d4 13. Nxd4 Nxd4 14. Qxd4 Bd7 15. Rg1 Nf5 16. Qf2 Qc6 17. Bd3 Qd5 18. Be3 Nxe3 19. Qxe3 Rxg2 20. Rxg2 Qxg2 21. Be4 Qd2+ 22. Qxd2 cxd2+ 23. Kxd2 0-0-0 24. h4 Bc6+ 25. Ke3 Rh8 26. Bxc6 bxc6 27. Rh1 Kd7 28. h5 Ke7 29. h6 Kf8 30. Kd4 Kg8 31. h7+ Kf8 32. Kc5 f6 33. Kxc6 fxe5 34. fxe5 Kf7 35. c4 Kg6 36. Kd7 1-0

[Event "Barcelona Sant Marti op-A 23rd"]
[Site "Barcelona"]
[Date "2023.07.21"]
[Round "9"]
[White "Kumar, Sanjit S"]
[Black "Navarro Gutierrez, Andres Camilo"]
[Result "1-0"]
[WhiteElo "1803"]
[BlackElo "2025"]
[PlyCount "49"]
[EventDate "2023.07.13"]
[EventType "swiss"]
[EventRounds "9"]
[EventCountry "ESP"]
[SourceTitle "CBM 215 Extra"]
[Source "ChessBase"]
[SourceDate "2023.09.30"]
[SourceVersion "1"]
[SourceVersionDate "2023.09.30"]
[SourceQuality "1"]

1. d4 d5 2. c4 c6 3. cxd5 cxd5 4. Nc3 Nf6 5. Bf4 e6 6. e3 Be7 7. Bd3 b6 8. Rc1 0-0 9. h3 Bb7 10. Nf3 Nbd7 11. 0-0 Ne4 12. Ne5 f6 13. Nxd7 Qxd7 14. Nxe4 dxe4 15. Rc7 Qd8 16. Rxb7 exd3 17. Qxd3 e5 18. Qb3+ Kh8 19. dxe5 fxe5 20. Bxe5 Bf6 21. Bxf6 Rxf6 22. Rd1 Qc8 23. Rdd7 Qc1+ 24. Kh2 Rg8 25. Rxg7 1-0

[Event "Barcelona Sant Marti op-A 23rd"]
[Site "Barcelona"]
[Date "2023.07.19"]
[Round "7"]
[White "Toro Castaneda, Elizabeth"]
[Black "Kumar, Sanjit S"]
[Result "1-0"]
[WhiteElo "1989"]
[BlackElo "1803"]
[PlyCount "87"]
[EventDate "2023.07.13"]
[EventType "swiss"]
[EventRounds "9"]
[EventCountry "ESP"]
[SourceTitle "CBM 215 Extra"]
[Source "ChessBase"]
[SourceDate "2023.09.30"]
[SourceVersion "1"]
[SourceVersionDate "2023.09.30"]
[SourceQuality "1"]

1. e4 e6 2. d4 d5 3. Nd2 c5 4. Ngf3 cxd4 5. Nxd4 Nc6 6. Bb5 Bd7 7. Nxc6 bxc6 8. Bd3 Bd6 9. Qe2 e5 10. exd5 cxd5 11. c4 f5 12. cxd5 Nf6 13. Nc4 Bb4+ 14. Bd2 Bxd2+ 15. Qxd2 Qe7 16. d6 Qe6 17. 0-0 e4 18. Rfe1 0-0 19. Rad1 Rae8 20. Bf1 Kh8 21. b3 Nh5 22. Qg5 Qf7 23. Be2 Nf6 24. Ne3 h6 25. Qh4 Kh7 26. Bc4 Qg6 27. Qg3 Qh5 28. Be2 Qf7 29. Bc4 Qh5 30. Nd5 Nxd5 31. Rxd5 Rf6 32. Ra5 Ref8 33. Qe5 Rg6 34. Qxe4 Re8 35. Re5 Rxd6 36. Qe3 Rf8 37. Re7 Bc6 38. Rxg7+ Kxg7 39. Qe7+ Rf7 40. Qxd6 Rf6 41. Re7+ Kg6 42. Bf7+ Kg5 43. Qg3+ Qg4 44. f4# 1-0

[Event "Barcelona Sant Marti op-A 23rd"]
[Site "Barcelona"]
[Date "2023.07.18"]
[Round "6"]
[White "Kumar, Sanjit S"]
[Black "Lee Luen Mang, Stefan"]
[Result "1-0"]
[WhiteElo "1803"]
[BlackElo "1538"]
[PlyCount "119"]
[EventDate "2023.07.13"]
[EventType "swiss"]
[EventRounds "9"]
[EventCountry "ESP"]
[SourceTitle "CBM 215 Extra"]
[Source "ChessBase"]
[SourceDate "2023.09.30"]
[SourceVersion "1"]
[SourceVersionDate "2023.09.30"]
[SourceQuality "1"]

1. d4 d5 2. c4 c6 3. Nc3 Nf6 4. cxd5 cxd5 5. Bf4 Nc6 6. e3 Bf5 7. Qb3 Na5 8. Qa4+ Bd7 9. Qc2 Rc8 10. Bd3 e6 11. Nf3 a6 12. a3 Be7 13. h3 b5 14. 0-0 Nc4 15. Rfc1 0-0 16. Ne5 Nxe5 17. Bxe5 h6 18. Qe2 Bc6 19. a4 Qb6 20. axb5 Bxb5 21. Nxb5 axb5 22. Bxb5 Ne4 23. Bd3 Bd6 24. Bxe4 Bxe5 25. Bxd5 Bxd4 26. exd4 exd5 27. Qd2 Rxc1+ 28. Rxc1 Rb8 29. Rb1 Qb3 30. Qf4 Rb4 31. Rc1 Rb8 32. Rc7 Rf8 33. Qc1 Qb4 34. Qc3 Qb6 35. b4 Qe6 36. b5 Rb8 37. Rc5 Qe8 38. Qb4 Qe6 39. Qc3 Qe8 40. b6 Kh7 41. Qb4 Qe6 42. b7 Qe7 43. Qb1+ g6 44. Rb5 Qd7 45. Rb6 Qc7 46. Qb3 Qc1+ 47. Kh2 Qf4+ 48. Qg3 Qxg3+ 49. Kxg3 Kg7 50. Kf4 f6 51. g4 Kf7 52. h4 Ke7 53. h5 g5+ 54. Kf5 Kd7 55. Kxf6 Kc7 56. Rb1 Rh8 57. b8Q+ Rxb8 58. Rxb8 Kxb8 59. Kg6 Kc7 60. Kxh6 1-0

[Event "Daventry 4NCL op-A 30th"]
[Site "Daventry"]
[Date "2023.06.18"]
[Round "5"]
[White "Kumar, Sanjit S"]
[Black "Obi, Okwose Marc"]
[Result "0-1"]
[WhiteElo "1849"]
[BlackElo "1733"]
[PlyCount "108"]
[EventDate "2023.06.16"]
[EventType "swiss"]
[EventRounds "5"]
[EventCountry "ENG"]
[SourceTitle "CBM 214 Extra"]
[Source "ChessBase"]
[SourceDate "2023.07.31"]
[SourceVersion "1"]
[SourceVersionDate "2023.07.31"]
[SourceQuality "1"]

1. d4 d6 2. e4 Nf6 3. Nc3 c6 4. Be2 Qa5 5. Qd3 e5 6. Nf3 Be7 7. 0-0 0-0 8. Nd1 Bg4 9. Ne3 Bxf3 10. Bxf3 g6 11. b3 Nbd7 12. Bb2 Rad8 13. a4 Rfe8 14. Nc4 Qc7 15. Rfe1 Bf8 16. Rad1 b5 17. axb5 cxb5 18. Ne3 a6 19. g3 Rc8 20. c3 Bh6 21. Bg2 Qb6 22. Rf1 Rc7 23. Kh1 exd4 24. cxd4 Bxe3 25. Qxe3 Rc2 26. Ba1 Rec8 27. f4 Ra2 28. Rd2 Rcc2 29. Rxc2 Rxc2 30. e5 Ng4 31. Qf3 h5 32. h3 Nh6 33. Qe4 Ra2 34. Re1 Qa5 35. e6 Rxa1 36. Rxa1 Qxa1+ 37. Kh2 Nf6 38. e7 Kg7 39. e8N+ Nxe8 40. Qxe8 Qxd4 41. Qe2 Nf5 42. Bf3 h4 43. gxh4 Qxf4+ 44. Kg1 Qe3+ 45. Qxe3 Nxe3 46. Kf2 Nc2 47. h5 a5 48. Bd1 Nb4 49. hxg6 fxg6 50. Be2 a4 51. bxa4 bxa4 52. Ke3 a3 53. Bc4 a2 54. Bxa2 Nxa2 0-1

[Event "Daventry 4NCL op-A 30th"]
[Site "Daventry"]
[Date "2023.06.17"]
[Round "2"]
[White "James, Russell A"]
[Black "Kumar, Sanjit S"]
[Result "1/2-1/2"]
[WhiteElo "2047"]
[BlackElo "1849"]
[PlyCount "71"]
[EventDate "2023.06.16"]
[EventType "swiss"]
[EventRounds "5"]
[EventCountry "ENG"]
[SourceTitle "CBM 214 Extra"]
[Source "ChessBase"]
[SourceDate "2023.07.31"]
[SourceVersion "1"]
[SourceVersionDate "2023.07.31"]
[SourceQuality "1"]

1. e4 e6 2. d4 d5 3. Nd2 c5 4. dxc5 Bxc5 5. Bd3 Nc6 6. Ngf3 Nf6 7. Qe2 Qc7 8. c3 dxe4 9. Nxe4 Be7 10. Bg5 Nd5 11. Bxe7 Qxe7 12. Bb5 Bd7 13. 0-0-0 0-0-0 14. c4 Nc7 15. Nd6+ Kb8 16. c5 f6 17. Bxc6 Bxc6 18. Nd4 Bd5 19. Kb1 Qd7 20. f3 Na6 21. Qb5 Qxb5 22. N4xb5 Rd7 23. Rc1 Nxc5 24. Rxc5 a6 25. Rhc1 axb5 26. Rc8+ Rxc8 27. Rxc8+ Ka7 28. Nxb5+ Kb6 29. Nc3 Bc6 30. Kc2 e5 31. b4 Rd4 32. a3 e4 33. fxe4 Bxe4+ 34. Nxe4 Rxe4 35. Kd3 Rf4 36. Ke3 1/2-1/2

[Event "Daventry 4NCL op-A 30th"]
[Site "Daventry"]
[Date "2023.06.17"]
[Round "3"]
[White "Kumar, Sanjit S"]
[Black "Krzyzanowski, Patryk"]
[Result "0-1"]
[WhiteElo "1849"]
[BlackElo "2092"]
[PlyCount "72"]
[EventDate "2023.06.16"]
[EventType "swiss"]
[EventRounds "5"]
[EventCountry "ENG"]
[SourceTitle "CBM 214 Extra"]
[Source "ChessBase"]
[SourceDate "2023.07.31"]
[SourceVersion "1"]
[SourceVersionDate "2023.07.31"]
[SourceQuality "1"]

1. d4 Nf6 2. c4 e6 3. Nc3 Bb4 4. e3 Bxc3+ 5. bxc3 0-0 6. Nf3 d6 7. Bd3 b6 8. 0-0 Nc6 9. Ba3 Ba6 10. Qe2 Re8 11. Rfd1 Qc8 12. c5 Bxd3 13. Qxd3 e5 14. Qb5 Qb7 15. cxd6 cxd6 16. Bxd6 Ne4 17. Bb4 a5 18. Qd3 exd4 19. Ba3 dxc3 20. Nd4 Ne5 21. Qe2 Rac8 22. f3 Nc4 23. Bc1 Ned2 24. e4 b5 25. Nb3 Qb6+ 26. Kh1 Qf6 27. Bxd2 c2 28. Rdc1 Red8 29. Rxc2 a4 30. Bc3 Qb6 31. Nc1 Na3 32. Ba5 Qxa5 33. Rxc8 Rxc8 34. h3 Qc3 35. Nb3 Qc5 36. Nd2 Qc6 0-1

[Event "EU-ch Cities&Town op"]
[Site "Tornelo INT"]
[Date "2023.01.29"]
[Round "?"]
[White "Hristodoulou, Panagiotis"]
[Black "Kumar, Sanjit S"]
[Result "1-0"]
[WhiteElo "2372"]
[BlackElo "1968"]
[PlyCount "93"]
[EventDate "2023.01.29"]
[EventType "team-swiss"]
[EventRounds "9"]
[EventCountry "NET"]
[SourceTitle "CBM 212 Extra"]
[Source "ChessBase"]
[SourceDate "2023.03.31"]
[SourceVersion "1"]
[SourceVersionDate "2023.03.31"]
[SourceQuality "1"]
[WhiteTeam "Heraklion"]
[BlackTeam "London U18"]
[WhiteTeamCountry "GRE"]
[BlackTeamCountry "ENG"]

1. d4 d5 2. Nc3 Nf6 3. Bf4 c6 4. e3 Bf5 5. f3 e6 6. g4 Bg6 7. h4 h5 8. g5 Nfd7 9. Bd3 Bb4 10. Bxg6 fxg6 11. Qd3 Kf7 12. Nge2 Re8 13. 0-0-0 a5 14. e4 Nf8 15. a3 Bd6 16. Be3 Nbd7 17. f4 Kg8 18. Rhf1 Qe7 19. Rf3 Nb6 20. Kb1 Nc4 21. Bc1 b5 22. a4 bxa4 23. f5 Rab8 24. Nxa4 Rb4 25. Nec3 dxe4 26. Qxe4 gxf5 27. Qxc6 g6 28. Re1 Na3+ 29. Ka2 Nxc2 30. Nd5 Qd8 31. Nf6+ Kh8 32. Nxe8 Nxd4 33. Nxd6 Nxc6 34. Nf7+ Kg7 35. Nxd8 Rxa4+ 36. Ra3 Rxa3+ 37. Kxa3 Nxd8 38. Ka4 Nd7 39. Kxa5 Nb7+ 40. Kb5 Ndc5 41. Kc6 Nd3 42. Rxe6 Na5+ 43. Kb5 Nb3 44. Be3 Nxb2 45. Kb4 Na1 46. Bd4+ Kf7 47. Rf6+ 1-0

[Event "EU-ch Cities&Town op"]
[Site "Tornelo INT"]
[Date "2023.01.29"]
[Round "?"]
[White "Kumar, Sanjit S"]
[Black "Melikhov, Evgeny V"]
[Result "1/2-1/2"]
[WhiteElo "1968"]
[BlackElo "2269"]
[PlyCount "100"]
[EventDate "2023.01.29"]
[EventType "team-swiss"]
[EventRounds "9"]
[EventCountry "NET"]
[SourceTitle "CBM 212 Extra"]
[Source "ChessBase"]
[SourceDate "2023.03.31"]
[SourceVersion "1"]
[SourceVersionDate "2023.03.31"]
[SourceQuality "1"]
[WhiteTeam "London U18"]
[BlackTeam "Ioannina"]
[WhiteTeamCountry "ENG"]
[BlackTeamCountry "GRE"]

1. d4 Nf6 2. c4 e6 3. Nc3 Bb4 4. Qc2 c5 5. dxc5 Na6 6. g3 Nxc5 7. Bg2 0-0 8. a3 Bxc3+ 9. Qxc3 Nce4 10. Qc2 d5 11. b3 Bd7 12. Bb2 Qa5+ 13. b4 Qa4 14. Qxa4 Bxa4 15. cxd5 exd5 16. Nf3 Rfc8 17. Nd4 Rc4 18. 0-0 a5 19. bxa5 Rxa5 20. Rac1 Rac5 21. e3 Nc3 22. h4 Rc7 23. Bxc3 Rxc3 24. Rxc3 Rxc3 25. Rb1 Rxa3 26. Rxb7 g6 27. Ra7 Ra1+ 28. Bf1 Ra2 29. Bb5 Bb3 30. Rxa2 Bxa2 31. Bd3 Ne8 32. Kg2 f5 33. Kf3 Kg7 34. Kf4 Kf6 35. g4 fxg4 36. Kxg4 Nd6 37. f3 Bc4 38. Bc2 Ba6 39. h5 Bc8+ 40. Kf4 g5+ 41. Kg3 Nf5+ 42. Nxf5 Bxf5 43. Bb3 Be6 44. Bc2 h6 45. f4 Bf5 46. fxg5+ Kxg5 47. Bd1 Be6 48. Bf3 Bf7 49. Kh3 Bxh5 50. Bxd5 Bd1 1/2-1/2

[Event "Hastings Masters op"]
[Site "Hastings"]
[Date "2022.12.28"]
[Round "1"]
[White "Lalic, Bogdan"]
[Black "Kumar, Sanjit S"]
[Result "1-0"]
[WhiteElo "2392"]
[BlackElo "1965"]
[PlyCount "69"]
[EventDate "2022.12.28"]
[EventType "swiss"]
[EventRounds "10"]
[EventCountry "ENG"]
[SourceTitle "CBM 212 Extra"]
[Source "ChessBase"]
[SourceDate "2023.03.31"]
[SourceVersion "1"]
[SourceVersionDate "2023.03.31"]
[SourceQuality "1"]

1. c4 c6 2. d4 d5 3. Nf3 Nf6 4. Nc3 e6 5. g3 Nbd7 6. Bg2 Bd6 7. 0-0 0-0 8. Nd2 Re8 9. e4 dxe4 10. Ndxe4 Nxe4 11. Nxe4 Bf8 12. Bf4 Nf6 13. c5 Nxe4 14. Bxe4 g5 15. Qh5 h6 16. Be5 Bg7 17. Rad1 f5 18. Bc2 Qe7 19. Rfe1 Qf7 20. Qf3 Bd7 21. Bxg7 Kxg7 22. Re5 Rad8 23. Qc3 Kg8 24. Qa5 a6 25. Bb3 Bc8 26. Qc3 Kh7 27. Rxf5 Qg7 28. Re5 Re7 29. Qe3 Rde8 30. Rf1 Kh8 31. f4 g4 32. Re1 Rd8 33. f5 Rf7 34. fxe6 Re7 35. Rf1 1-0

[Event "Sitges Sunway op 9th"]
[Site "Sitges"]
[Date "2022.12.19"]
[Round "7"]
[White "Kumar, Sanjit S"]
[Black "Perkampus, Laurin"]
[Result "0-1"]
[WhiteElo "1965"]
[BlackElo "2168"]
[PlyCount "74"]
[EventDate "2022.12.12"]
[EventType "swiss"]
[EventRounds "10"]
[EventCountry "ESP"]
[SourceTitle "CBM 211 Extra"]
[Source "ChessBase"]
[SourceDate "2023.01.31"]
[SourceVersion "1"]
[SourceVersionDate "2023.01.31"]
[SourceQuality "1"]

1. d4 Nf6 2. c4 g6 3. Nc3 d5 4. Nf3 Bg7 5. Qb3 dxc4 6. Qxc4 0-0 7. e4 c6 8. Be2 e5 9. dxe5 Ng4 10. Bf4 Qb6 11. 0-0 Be6 12. Qd3 Rd8 13. Qc2 Nd7 14. h3 Ngxe5 15. Bg5 Re8 16. Be3 Nxf3+ 17. Bxf3 Qa5 18. Rfd1 Rad8 19. Be2 Ne5 20. Na4 Rxd1+ 21. Rxd1 b5 22. Nc5 Qxa2 23. Nxe6 Qxe6 24. Bxa7 Nc4 25. Bxc4 Qxc4 26. Qxc4 bxc4 27. Rd2 h5 28. f3 Ra8 29. Be3 Ra2 30. Bd4 Bh6 31. Rc2 Ra4 32. Kf2 Kf8 33. g3 Ke7 34. h4 Ke6 35. f4 Bf8 36. Ke3 Bb4 37. Bc3 Bc5+ 0-1

[Event "Sitges Sunway op 9th"]
[Site "Sitges"]
[Date "2022.12.12"]
[Round "1"]
[White "Wagh, Suyog"]
[Black "Kumar, Sanjit S"]
[Result "1-0"]
[WhiteElo "2376"]
[BlackElo "1965"]
[PlyCount "65"]
[EventDate "2022.12.12"]
[EventType "swiss"]
[EventRounds "10"]
[EventCountry "ESP"]
[SourceTitle "CBM 211 Extra"]
[Source "ChessBase"]
[SourceDate "2023.01.31"]
[SourceVersion "1"]
[SourceVersionDate "2023.01.31"]
[SourceQuality "1"]

1. d4 d5 2. c4 c6 3. Nc3 Nf6 4. e3 e6 5. Nf3 Bd6 6. Qc2 Nbd7 7. Bd3 dxc4 8. Bxc4 b5 9. Be2 Bb7 10. 0-0 0-0 11. e4 e5 12. dxe5 Nxe5 13. Nh4 b4 14. Nf5 Bc7 15. Na4 Qe8 16. f4 Ng6 17. Bd3 Rd8 18. Kh1 h6 19. Bd2 a5 20. Rae1 Ne7 21. Ng3 Bc8 22. Be3 Kh8 23. a3 bxa3 24. bxa3 Ng4 25. Bc1 Ng8 26. e5 Qe7 27. Nf5 Qd7 28. Be4 g6 29. Bb2 Kh7 30. Nd4 Qe7 31. h3 Nxe5 32. fxe5 Bxe5 33. Nxc6 1-0

[Event "Hoogeveen op 25th"]
[Site "Hoogeveen"]
[Date "2022.10.22"]
[Round "9"]
[White "De Boer, Eelke"]
[Black "Kumar, Sanjit S"]
[Result "1/2-1/2"]
[WhiteElo "2295"]
[BlackElo "1923"]
[PlyCount "83"]
[EventDate "2022.10.15"]
[EventType "swiss"]
[EventRounds "9"]
[EventCountry "NED"]
[SourceTitle "CBM 210 Extra"]
[Source "ChessBase"]
[SourceDate "2022.11.30"]
[SourceVersion "1"]
[SourceVersionDate "2022.11.30"]
[SourceQuality "1"]

1. e4 e6 2. d4 d5 3. Nc3 Bb4 4. e5 c5 5. a3 Bxc3+ 6. bxc3 Ne7 7. Nf3 b6 8. a4 Ba6 9. Bxa6 Nxa6 10. Qe2 Nb8 11. 0-0 Nd7 12. Bg5 h6 13. Bh4 c4 14. Nd2 Qc7 15. Bxe7 Kxe7 16. f4 g6 17. g4 Rag8 18. Kh1 Qd8 19. f5 gxf5 20. gxf5 Rg5 21. f6+ Ke8 22. Nf3 Rg6 23. Qe3 Rhg8 24. Rg1 Rxg1+ 25. Rxg1 Rxg1+ 26. Kxg1 Nxf6 27. exf6 Qxf6 28. Ne5 Qg7+ 29. Qg3 Qf6 30. Nc6 Qf5 31. Qb8+ Kd7 32. Ne5+ Ke7 33. Qxa7+ Kf8 34. Qxb6 Qg5+ 35. Kf2 Qd2+ 36. Kg3 Qe1+ 37. Kh3 Qf1+ 38. Kg4 Qg2+ 39. Kf4 Qd2+ 40. Kf3 Qd1+ 41. Kg3 Qe1+ 42. Kf3 1/2-1/2

[Event "Hoogeveen op 25th"]
[Site "Hoogeveen"]
[Date "2022.10.19"]
[Round "5"]
[White "Goudriaan, Rafael"]
[Black "Kumar, Sanjit S"]
[Result "0-1"]
[WhiteElo "1654"]
[BlackElo "1923"]
[PlyCount "116"]
[EventDate "2022.10.15"]
[EventType "swiss"]
[EventRounds "9"]
[EventCountry "NED"]
[SourceTitle "CBM 210 Extra"]
[Source "ChessBase"]
[SourceDate "2022.11.30"]
[SourceVersion "1"]
[SourceVersionDate "2022.11.30"]
[SourceQuality "1"]

1. d4 d5 2. Bf4 c5 3. e3 Nc6 4. c3 Nf6 5. Nd2 Bf5 6. Qb3 Qb6 7. dxc5 Qxb3 8. Nxb3 e5 9. Bg3 Nd7 10. Nf3 f6 11. Rd1 Be6 12. Nbd2 Bxc5 13. a3 Nb6 14. b4 Be7 15. c4 Nxc4 16. Nxc4 dxc4 17. Nd2 b5 18. Ne4 0-0 19. f4 Rfd8 20. fxe5 Rxd1+ 21. Kxd1 Rd8+ 22. Kc1 Nxe5 23. Bxe5 fxe5 24. Be2 a5 25. Nc3 axb4 26. axb4 Bxb4 27. Nxb5 Bd2+ 28. Kc2 Bxe3 29. Bf3 Bf5+ 30. Kc3 Bd2+ 31. Kxc4 Bd3+ 32. Kc5 e4 33. Bg4 e3 34. Nd4 Rf8 35. Be6+ Kh8 36. Nf3 Be2 37. Bd5 Bxf3 38. Bxf3 Rxf3 39. gxf3 e2 40. Rb1 h6 41. Kd5 e1Q 42. Rxe1 Bxe1 43. Ke6 Bc3 44. h4 g5 45. Kf5 Bd2 46. Ke4 Kg7 47. Kd3 Bf4 48. Ke4 Kf6 49. Kd3 Ke5 50. Ke2 Bc1 51. Kf2 Kf4 52. Kg2 Be3 53. h5 Bd4 54. Kh3 Kxf3 55. Kh2 g4 56. Kh1 Be5 57. Kg1 g3 58. Kh1 g2+ 0-1

[Event "Hoogeveen op 25th"]
[Site "Hoogeveen"]
[Date "2022.10.19"]
[Round "6"]
[White "Kumar, Sanjit S"]
[Black "Klaren, Duncan"]
[Result "1/2-1/2"]
[WhiteElo "1923"]
[BlackElo "2009"]
[PlyCount "71"]
[EventDate "2022.10.15"]
[EventType "swiss"]
[EventRounds "9"]
[EventCountry "NED"]
[SourceTitle "CBM 210 Extra"]
[Source "ChessBase"]
[SourceDate "2022.11.30"]
[SourceVersion "1"]
[SourceVersionDate "2022.11.30"]
[SourceQuality "1"]

1. d4 Nf6 2. c4 b6 3. Nc3 Bb7 4. d5 e6 5. a3 Bd6 6. g3 0-0 7. Nf3 c6 8. dxc6 dxc6 9. Bg2 Qc7 10. 0-0 Nbd7 11. Qc2 Rfd8 12. e4 Ne5 13. Nxe5 Bxe5 14. Ne2 c5 15. Be3 Qc6 16. f3 Bd4 17. Bf2 e5 18. Nc3 Bxc3 19. Qxc3 Qe6 20. Rfd1 Rd6 21. Rd3 Rad8 22. Rad1 a5 23. Bf1 h6 24. Rxd6 Rxd6 25. Rxd6 Qxd6 26. Qd3 Ne8 27. b4 axb4 28. axb4 cxb4 29. Qxd6 Nxd6 30. c5 bxc5 31. Bxc5 Ne8 32. Bxb4 f5 33. Bc3 fxe4 34. fxe4 Bxe4 35. Bxe5 Nf6 36. Bxf6 1/2-1/2